Delivering water efficiency in commercial buildings (Record no. 115158)

MARC details
000 -LEADER
fixed length control field 01217cam a22002295a 4500
001 - CONTROL NUMBER
control field L158127
008 - FIXED-LENGTH DATA ELEMENTS--GENERAL INFORMATION
fixed length control field 121121s2014 xxko f 000 0 eng d
020 ## - INTERNATIONAL STANDARD BOOK NUMBER
International Standard Book Number 9781848063761
035 ## - SYSTEM CONTROL NUMBER
System control number (Sirsi) u158127
041 0# - LANGUAGE CODE
Language code of text/sound track or separate title eng
100 1# - MAIN ENTRY--PERSONAL NAME
Personal name Taylor, Tom
245 04 - TITLE STATEMENT
Title Delivering water efficiency in commercial buildings
Remainder of title a guide for facilities managers
260 ## - PUBLICATION, DISTRIBUTION, ETC.
Place of publication, distribution, etc. Watford
Name of publisher, distributor, etc. BRE
Date of publication, distribution, etc. 2014
300 ## - PHYSICAL DESCRIPTION
Extent 8p.
Other physical details ill.
Dimensions 30cm.
490 #0 - SERIES STATEMENT
Series statement BRE Information Paper
Volume/sequential designation (6/14)
520 ## - SUMMARY, ETC.
Summary, etc. Provides targeted guidance on how to deliver water efficiency savings through improved facilities management. In addition to alleviating pressure on water resources, reducing demand through improving water efficiency and sourcing water from alternative supplies (where possible) will also help to improve resilience by making a building less susceptible to water shortages, and help to cut running costs by reducing water, waste water and energy bills. Provides an overview of how to determine water consumption, establish a building's water efficiency performance, and how to identify causes of poor water efficiency.
521 ## - TARGET AUDIENCE NOTE
Target audience note Advanced
590 ## - LOCAL NOTE (RLIN)
Local note KA
651 #4 - SUBJECT ADDED ENTRY--GEOGRAPHIC NAME
Geographic name United Kingdom
Chronological subdivision
690 ## - LOCAL SUBJECT ADDED ENTRY--TOPICAL TERM (OCLC, RLIN)
Topical term or geographic name as entry element Utilities
9 (RLIN) 6272
942 ## - ADDED ENTRY ELEMENTS (KOHA)
Suppress in OPAC 0
Holdings
Withdrawn status Lost status Source of classification or shelving scheme Damaged status Not for loan Home library Current library Shelving location Date acquired Total Checkouts Full call number Barcode Date last seen Copy number Price effective from Koha item type
    Dewey Decimal Classification     London London Books 09/07/2014   BRE 30075253 06/08/2019 1 06/08/2019 Book